000 00644nam a2200241Ia 4500
001 32421
005 20240114001605.0
007 ta
008 060824s1362 g b000 u 346 u
040 _aCotton College,Assam
041 _a346
082 _a891.443
_bM 896 P
100 _aMukhopadhyay, Rajkumar.
245 0 _aFutlo Kusum /
_cRajkumar Mukhopadhyay.
_hTextual Documents
250 _a1st ed. /
260 _aCalcutta :
_bIndian Associated Pub. Co. Pvt. Ltd. ,
_c1362.
300 _a96p. ;
_c22cm.
653 _aBengali Fiction
653 _aG-Bengali
942 _2ddc
_cBK
999 _c32403
_d32403